[Event "Balatonbereny op"]
[Site "Balatonbereny"]
[Date "1997.??.??"]
[Round "5"]
[White "Deak, Ferenc"]
[Black "Gyorkos, Lajos"]
[Result "0-1"]
[WhiteElo "2210"]
[BlackElo "2425"]
[PlyCount "40"]
[EventDate "1997.??.??"]
[Source "www.chesslib.no"]
[SourceDate "2004.05.04"]

1. d4 Nf6 2. c4 g6 3. Nc3 d5 4. Bf4 Bg7 5. e3 O-O 6. Rc1 c5 7. dxc5 Be6 8. Qa4 Nc6 9. Nf3 Ne4 10. Nxe4 dxe4 11. Rd1 Bd7 12. Ng5 Nd4 13. Rxd4 Bxa4 14. Rxd8 Rfxd8 15. Nxe4 Bxb2 16. Be2 f5 17. Ng3 Bc3+ 18. Kf1 Rd2 19. f3 Rxa2 20. Kf2 Rd8 0-1

[Event "Havlickuv Brod"]
[Site "?"]
[Date "2006.09.25"]
[Round "3.8"]
[White "Meduna Eduard"]
[Black "Krcal Michal"]
[Result "1/2-1/2"]
[WhiteElo "2425"]
[BlackElo "2206"]
[PlyCount "59"]
[EventDate "2006.??.??"]
[Source "www.chesslib.no"]
[SourceDate "2004.05.04"]

1. d4 Nf6 2. c4 g6 3. Nc3 d5 4. Bf4 Bg7 5. e3 O-O 6. Rc1 c5 7. dxc5 Qa5 8. cxd5 Ne4 9. Nf3 Nxc3 10. Qd2 Nd7 11. bxc3 Nxc5 12. Be5 f6 13. Bf4 e5 14. dxe6 Bxe6 15. Be2 Rfd8 16. Nd4 g5 17. Bg3 f5 18. f3 Rac8 19. O-O Bf7 20. Qc2 f4 21. Be1 fxe3 22. Nf5 Bf8 23. Nxe3 Ne6 24. Bd3 Rxd3 25. Qxd3 Nf4 26. Qc2 Bg6 27. Qb3+ Bf7 28. Qc2 Bg6 29. Qb3+ Bf7 30. Qc2 1/2-1/2

[Event "SLO Ch"]
[Site "Vrhnika"]
[Date "1995.??.??"]
[Round "?"]
[White "Soln, Primoz"]
[Black "Jelen, Igor"]
[Result "0-1"]
[WhiteElo "2270"]
[BlackElo "2360"]
[PlyCount "66"]
[EventDate "1995.??.??"]
[Source "www.chesslib.no"]
[SourceDate "2004.05.04"]

1. d4 Nf6 2. c4 g6 3. Nc3 d5 4. Bf4 Bg7 5. e3 O-O 6. Rc1 Be6 7. Qb3 b6 8. Nf3 Nc6 9. cxd5 Nxd5 10. Nxd5 Bxd5 11. Qa4 e5 12. Bg5 f6 13. Rxc6 Bxc6 14. Qxc6 fxg5 15. h4 g4 16. Qe6+ Kh8 17. Qxg4 exd4 18. h5 dxe3 19. hxg6 exf2+ 20. Kxf2 Qd2+ 21. Kg3 Qd6+ 22. Kh3 h6 23. Bc4 Rf4 24. Qe6 Qc5 25. Bd5 Raf8 26. Ng5 R4f6 27. Qe4 Rf4 28. Qe6 Qf2 29. g3 R4f5 30. Rh2 Qf1+ 31. Bg2 Qb5 32. Bc6 Qf1+ 33. Bg2 Qd1 0-1

[Event "USA Masters"]
[Site "Chicago, IL USA"]
[Date "1990.??.??"]
[Round "6"]
[White "Chachere, Lawrence"]
[Black "Stone, Raymond"]
[Result "0-1"]
[WhiteElo "2280"]
[BlackElo "2345"]
[PlyCount "66"]
[EventDate "1990.??.??"]
[Source "www.chesslib.no"]
[SourceDate "2004.05.04"]

1. d4 Nf6 2. c4 g6 3. Nc3 d5 4. Bf4 Bg7 5. Rc1 O-O 6. e3 c5 7. Nf3 cxd4 8. exd4 Nc6 9. Be2 Bg4 10. c5 Ne4 11. O-O e6 12. h3 Bxf3 13. Bxf3 f5 14. Nb5 Qf6 15. Bxe4 fxe4 16. Be3 a6 17. Nd6 Nxd4 18. Nxb7 Rab8 19. Bxd4 Qxd4 20. c6 e3 21. fxe3 Qxe3+ 22. Kh1 Bxb2 23. Rc2 Be5 24. Rf3 Rxf3 25. gxf3 Rc8 26. Qe2 Qf4 27. Nd6 Rb8 28. Nb7 Kf7 29. Qxa6 Qxf3+ 30. Rg2 Qxh3+ 31. Kg1 Bd4+ 32. Rf2+ Kg7 33. Qe2 Rf8 0-1

[Event "SCO Ch"]
[Site "Scotland"]
[Date "1988.??.??"]
[Round "?"]
[White "Giulian, Philip M"]
[Black "Ady, Jonathan James"]
[Result "0-1"]
[WhiteElo "2270"]
[BlackElo "2300"]
[PlyCount "84"]
[EventDate "1988.??.??"]
[Source "www.chesslib.no"]
[SourceDate "2004.05.04"]

1. d4 Nf6 2. c4 g6 3. Nc3 d5 4. Bf4 Bg7 5. Rc1 O-O 6. e3 c5 7. dxc5 Na6 8. cxd5 Nxc5 9. Bc4 Qa5 10. Nge2 Qb4 11. b3 Nfe4 12. O-O Bxc3 13. a3 Qa5 14. b4 Qxa3 15. Nxc3 Qxb4 16. Bh6 Nxc3 17. Qd4 Ne2+ 18. Bxe2 Qxd4 19. exd4 Nb3 20. Rc4 Rd8 21. Rb4 Na5 22. Bf3 Rd7 23. Re1 f6 24. Ra4 b6 25. d6 Bb7 26. dxe7 Kf7 27. Bxb7 Rxb7 28. Bd2 Nc6 29. d5 Nxe7 30. d6 Nf5 31. Bb4 Rd8 32. Rd1 a5 33. Ba3 Rbd7 34. Rb1 Nxd6 35. h3 Nc8 36. Rc4 h5 37. Rc6 Rb7 38. Bb2 Nd6 39. Rd1 Ke6 40. Bxf6 Kxf6 41. Rdxd6+ Rxd6 42. Rxd6+ Kf7 0-1

[Event "Budapest FS12 IM-A"]
[Site "Budapest"]
[Date "2001.12.07"]
[Round "7"]
[White "Paci, Cedric"]
[Black "Musanti, Diego"]
[Result "1/2-1/2"]
[WhiteElo "2256"]
[BlackElo "2293"]
[PlyCount "80"]
[EventDate "2001.12.01"]
[Source "ChessBase"]
[SourceDate "2002.01.21"]

1. d4 Nf6 2. c4 g6 3. Nc3 d5 4. Bf4 Bg7 5. Rc1 O-O 6. e3 c5 7. dxc5 Qa5 8. cxd5 Ne4 9. Nge2 Rd8 10. Qa4 Qxa4 11. Nxa4 Rxd5 12. f3 Nf6 13. Nec3 Rd8 14. e4 Be6 15. Be2 Nc6 16. b3 Rac8 17. Kf2 Nd7 18. Rhd1 Nde5 19. Be3 Nb4 20. Nb2 Rxd1 21. Ncxd1 Nxa2 22. Rc2 Bxb3 23. Rd2 Nb4 24. f4 Nec6 25. Rd7 a5 26. Bb5 Ra8 27. Ba4 Bxa4 28. Nxa4 Rd8 29. Rxd8+ Nxd8 30. Ndb2 Ndc6 31. Nc4 Kf8 32. Ke2 Ke8 33. Bd2 Na6 34. Nxa5 Nxa5 35. Bxa5 Kd7 36. Kd3 Kc6 37. Kc4 e6 38. Be1 Bf8 39. Bf2 Nb8 40. Nb2 Nd7 1/2-1/2

[Event "GRE Ch"]
[Site "Athens GRE"]
[Date "1988.??.??"]
[Round "?"]
[White "Bousios, Hristos"]
[Black "Maris, Ioannis"]
[Result "0-1"]
[WhiteElo "2250"]
[BlackElo "2295"]
[PlyCount "62"]
[EventDate "1988.??.??"]
[Source "www.chesslib.no"]
[SourceDate "2004.05.04"]

1. d4 Nf6 2. c4 g6 3. Nc3 d5 4. Bf4 Bg7 5. e3 O-O 6. Rc1 c5 7. dxc5 Qa5 8. cxd5 Ne4 9. Nf3 Nd7 10. Qc2 Nxc3 11. bxc3 Nxc5 12. e4 Bd7 13. Be5 Ba4 14. Qb1 Bh6 15. Nd2 f5 16. exf5 Rxf5 17. Bd4 Qc7 18. Qb4 Re5+ 19. Be3 Bxe3 20. fxe3 Rxe3+ 21. Kf2 Rf8+ 22. Nf3 Re4 23. Qb1 Qf4 24. Re1 Qd2+ 25. Be2 Qxc3 26. Kg3 Bd7 27. h3 Re3 28. Rhf1 Ne4+ 29. Kh2 Qc7+ 30. Kg1 Ng3 31. Rf2 Qc5 0-1

[Event "Reggio Emilia 7374 16th"]
[Site "Reggio Emilia ITA"]
[Date "1974.01.03"]
[Round "8"]
[White "Estevez, Guillermo"]
[Black "Beggi, Pierluigi"]
[Result "1-0"]
[WhiteElo "2345"]
[BlackElo "2200"]
[PlyCount "55"]
[EventDate "1973.12.27"]
[Source "www.chesslib.no"]
[SourceDate "2004.05.04"]

1. d4 Nf6 2. c4 g6 3. Nc3 d5 4. Bf4 Bg7 5. Rc1 O-O 6. e3 c5 7. dxc5 Qa5 8. cxd5 Rd8 9. Bc4 Be6 10. e4 Nxe4 11. Nge2 Nxf2 12. Qa4 Qxc5 13. dxe6 Nxh1 14. exf7+ Kf8 15. Ne4 Qb6 16. Bc7 Qxc7 17. Ng5 Qxh2 18. Ne6+ Kxf7 19. Nxd8+ Kf6 20. Qe8 Qh4+ 21. g3 Nxg3 22. Qf7+ Kg5 23. Ne6+ Kh5 24. Qf3+ Kh6 25. Nxg3 Nc6 26. Ke2 Qh2+ 27. Qf2 Nd4+ 28. Kd3 1-0

[Event "New England Masters"]
[Site "Peabody USA"]
[Date "2007.08.14"]
[Round "3"]
[White "Sarkar, J."]
[Black "Haessel, D."]
[Result "1-0"]
[WhiteElo "2403"]
[BlackElo "2136"]
[PlyCount "49"]
[EventDate "2007.08.13"]
[Source "www.chesslib.no"]
[SourceDate "2004.05.04"]

1. d4 Nf6 2. c4 g6 3. Nc3 d5 4. Bf4 Bg7 5. e3 O-O 6. Rc1 dxc4 7. Bxc4 c5 8. dxc5 Qa5 9. Nge2 Qxc5 10. Qb3 Qa5 11. O-O Nc6 12. Rfd1 e5 13. Bg5 Nd7 14. Ne4 Qc7 15. Be7 Nb6 16. Bxf8 Kxf8 17. Bb5 Be6 18. Qa3+ Kg8 19. Nc5 Bc8 20. Na6 Qe7 21. Qxe7 Nxe7 22. Nc7 Rb8 23. Rd8+ Bf8 24. Nc3 a6 25. Be8 1-0

[Event "GER Ch int U20"]
[Site "Hamburg GER"]
[Date "1993.??.??"]
[Round "?"]
[White "Kitte, Sebastian"]
[Black "Berndt, Stephan"]
[Result "0-1"]
[WhiteElo "2240"]
[BlackElo "2290"]
[PlyCount "84"]
[EventDate "1993.07.??"]
[Source "www.chesslib.no"]
[SourceDate "2004.05.04"]

1. d4 Nf6 2. c4 g6 3. Nc3 d5 4. Bf4 Bg7 5. Rc1 O-O 6. e3 c5 7. Bd3 Nc6 8. Nge2 cxd4 9. exd4 Nb4 10. Bb1 dxc4 11. O-O Be6 12. Be5 Nbd5 13. Qd2 Rc8 14. h3 Qd7 15. f4 Bf5 16. g4 Bxb1 17. Rxb1 Qc6 18. f5 Rcd8 19. Ng3 b5 20. g5 Ne8 21. Bxg7 Nxg7 22. f6 exf6 23. Nge4 Nh5 24. Nxf6+ Nhxf6 25. gxf6 Nxf6 26. Nxb5 Qxb5 27. Rxf6 c3 28. Qf4 cxb2 29. Qd2 Qe5 30. Qf2 Qxd4 31. Rxb2 Qxf2+ 32. Rbxf2 Rd7 33. Kg2 Kg7 34. Kg1 Re8 35. Ra6 Re3 36. h4 h5 37. Ra4 Red3 38. Rff4 Rd2 39. Rfe4 Rc7 40. Re1 Rdc2 41. Ree4 Rb7 42. Re1 Rbb2 0-1

[Event "Wuerttemberg-ch"]
[Site "Willsbach"]
[Date "1997.??.??"]
[Round "3"]
[White "Zeller, Frank"]
[Black "Gritsch, Gabriel"]
[Result "1-0"]
[WhiteElo "2440"]
[BlackElo "2050"]
[PlyCount "33"]
[EventDate "1997.??.??"]
[Source "www.chesslib.no"]
[SourceDate "2004.05.04"]

1. d4 Nf6 2. c4 g6 3. Nc3 d5 4. Bf4 Bg7 5. e3 O-O 6. Rc1 c5 7. dxc5 dxc4 8. Qxd8 Rxd8 9. Bxc4 Na6 10. Bxa6 bxa6 11. Nf3 Bb7 12. O-O Rdc8 13. b4 a5 14. a3 axb4 15. axb4 a5 16. Na4 Nd5 17. b5 1-0

[Event "XXIV ECC"]
[Site "Kallithea GRE"]
[Date "2008.10.22"]
[Round "6"]
[White "Van Ketel, R."]
[Black "Bjerke, S."]
[Result "1/2-1/2"]
[WhiteElo "2285"]
[BlackElo "2204"]
[PlyCount "107"]
[EventDate "2008.10.17"]
[Source "www.chesslib.no"]
[SourceDate "2004.05.04"]

1. d4 Nf6 2. c4 g6 3. Nc3 d5 4. Bf4 Bg7 5. e3 O-O 6. Rc1 dxc4 7. Bxc4 Nbd7 8. Nge2 a6 9. O-O c5 10. dxc5 Nxc5 11. b4 Be6 12. Bxe6 Nxe6 13. Be5 Nd7 14. Bxg7 Kxg7 15. Qd5 b5 16. Rfd1 Nf6 17. Qb7 Qc7 18. Qxc7 Nxc7 19. Nd4 Ncd5 20. Nxd5 Nxd5 21. Nc6 e6 22. e4 Nb6 23. Na5 Rac8 24. Kf1 Na4 25. f3 Nc3 26. Rd2 Nxe4 27. Rdc2 Nd6 28. Rc6 Nc4 29. Ke2 Kf6 30. Rxa6 Nxa5 31. Rxc8 Rxc8 32. Rxa5 Rc2+ 33. Kf1 Rb2 34. a3 Ra2 35. Rxb5 Rxa3 36. Kf2 Ra2+ 37. Kg3 Rb2 38. h4 h5 39. f4 Rb3+ 40. Kf2 Rb2+ 41. Kg3 Rb3+ 42. Kh2 Rb2 43. Rb7 e5 44. fxe5+ Kxe5 45. b5 f6 46. Rb8 Kf5 47. b6 Kg4 48. b7 g5 49. hxg5 fxg5 50. Ra8 Rxb7 51. Ra4+ Kf5 52. Ra5+ Kf6 53. Ra6+ Kg7 54. Ra5 1/2-1/2

[Event "Simferopol/Alushta women"]
[Site "Alushta UKR"]
[Date "1992.??.??"]
[Round "?"]
[White "Kharkova, Elena"]
[Black "Struchkova, Svetlana"]
[Result "0-1"]
[WhiteElo "2225"]
[BlackElo "2260"]
[PlyCount "62"]
[EventDate "1992.??.??"]
[Source "www.chesslib.no"]
[SourceDate "2004.05.04"]

1. d4 Nf6 2. c4 g6 3. Nc3 d5 4. Bf4 Bg7 5. e3 O-O 6. Rc1 c6 7. h3 Qa5 8. Qd2 Be6 9. b3 Nbd7 10. Nf3 h6 11. Be2 Rfc8 12. O-O Qd8 13. c5 Ne4 14. Qb2 Bf5 15. Nd2 Nxd2 16. Qxd2 e5 17. Bh2 Qf6 18. Rcd1 h5 19. Kh1 Re8 20. g4 hxg4 21. hxg4 Be6 22. f4 exd4 23. exd4 Nxc5 24. g5 Qe7 25. dxc5 Bh3 26. Bg1 d4 27. Bxd4 Rad8 28. Qe3 Qxe3 29. Bxe3 Bxf1 30. Bxf1 Bxc3 31. Rd6 Rxd6 0-1

[Event "Sommerskak"]
[Site "Aarhus"]
[Date "1998.07.11"]
[Round "6"]
[White "Steffensen, Torben"]
[Black "Rewitz, Poul"]
[Result "1/2-1/2"]
[WhiteElo "2150"]
[BlackElo "2335"]
[PlyCount "97"]
[EventDate "1998.??.??"]
[Source "www.chesslib.no"]
[SourceDate "2004.05.04"]

1. d4 Nf6 2. c4 g6 3. Nc3 d5 4. Bf4 Bg7 5. e3 O-O 6. Rc1 c6 7. Qb3 dxc4 8. Bxc4 Nbd7 9. Nf3 Nb6 10. Be2 Nbd5 11. Be5 Qb6 12. Nxd5 Nxd5 13. Qxb6 axb6 14. Bxg7 Kxg7 15. a3 f6 16. O-O Bg4 17. h3 Bxf3 18. Bxf3 Rfd8 19. Bxd5 Rxd5 20. Rc2 g5 21. Rfc1 h5 22. Rc4 b5 23. Rb4 e6 24. Rc5 Rxc5 25. dxc5 Rd8 26. a4 Rd1+ 27. Kh2 Rd5 28. axb5 Rxc5 29. bxc6 bxc6 30. g4 hxg4 31. hxg4 Rb5 32. Rxb5 cxb5 33. f4 Kf7 34. Kg2 f5 35. gxf5 exf5 36. fxg5 Kg6 37. Kf3 Kxg5 38. Kg3 Kf6 39. Kf4 Ke6 40. e4 fxe4 41. Kxe4 Kd6 42. Kd4 Kc6 43. b3 b4 44. Kc4 Kb7 45. Kxb4 Kb6 46. Kc4 Kc6 47. b4 Kb6 48. b5 Kb7 49. Kc5 1/2-1/2

[Event "Wattens Open"]
[Site "Wattens"]
[Date "1993.??.??"]
[Round "?"]
[White "Thoeny, Hermann"]
[Black "Tomescu, Vlad"]
[Result "1/2-1/2"]
[WhiteElo "2070"]
[BlackElo "2410"]
[PlyCount "48"]
[EventDate "1993.??.??"]
[Source "www.chesslib.no"]
[SourceDate "2004.05.04"]

1. d4 Nf6 2. c4 g6 3. Nc3 d5 4. Bf4 Bg7 5. e3 O-O 6. Rc1 c6 7. h3 Be6 8. b3 Nbd7 9. Nf3 h6 10. Bd3 dxc4 11. bxc4 Nb6 12. Qe2 Bd7 13. O-O c5 14. d5 Re8 15. e4 e6 16. Qd2 g5 17. Bh2 g4 18. hxg4 Nxg4 19. Bg3 e5 20. Bh4 Bf6 21. g3 Kh7 22. Kg2 Rg8 23. Rh1 Rg6 24. Bxf6 Rxf6 1/2-1/2

[Event "EU-chT (Women)"]
[Site "Debrecen"]
[Date "1992.??.??"]
[Round "3"]
[White "Gervais, Claire"]
[Black "Peptan, Corina"]
[Result "1-0"]
[WhiteElo "2160"]
[BlackElo "2315"]
[PlyCount "51"]
[EventDate "1992.11.??"]
[Source "ChessBase"]

1. d4 Nf6 2. c4 g6 3. Nc3 d5 4. Bf4 Bg7 5. e3 O-O 6. Rc1 c5 7. dxc5 Qa5 8. cxd5 Rd8 9. Bc4 Be6 10. e4 Nxe4 11. Nge2 Nxc3 12. Nxc3 Bf5 13. O-O Qxc5 14. Bb3 Na6 15. Qf3 Qa5 16. g4 Bd7 17. Rfe1 Re8 18. Bg5 e6 19. Ne4 exd5 20. Bxd5 Be6 21. Bxb7 Rab8 22. Nf6+ Bxf6 23. Qxf6 Bd5 24. Rxe8+ Rxe8 25. Bxd5 Qxd5 26. Bh6 1-0

[Event "RUS-ch (Women)"]
[Site "Elista"]
[Date "1996.??.??"]
[Round "6"]
[White "Ovchinikova, Julia"]
[Black "Struchkova, Svetlana"]
[Result "1/2-1/2"]
[WhiteElo "2230"]
[BlackElo "2230"]
[PlyCount "113"]
[EventDate "1996.??.??"]
[Source "www.chesslib.no"]
[SourceDate "2004.05.04"]

1. d4 Nf6 2. c4 g6 3. Nc3 d5 4. Bf4 Bg7 5. e3 O-O 6. Rc1 dxc4 7. Bxc4 c5 8. dxc5 Qa5 9. Qa4 Qxa4 10. Nxa4 Bd7 11. Nc3 Rc8 12. b4 Nc6 13. a3 b6 14. Ba6 bxc5 15. Bxc8 Rxc8 16. bxc5 Na5 17. Nge2 Rxc5 18. O-O g5 19. Bb8 Nb3 20. Rcd1 Ra5 21. e4 Be6 22. Rd8+ Bf8 23. Rfd1 Nc5 24. Nd4 Rxa3 25. Ncb5 Ra2 26. Bxa7 Ncxe4 27. Nxe6 fxe6 28. f3 Nd6 29. Nxd6 exd6 30. Bb8 Kf7 31. Bxd6 Bxd6 32. R8xd6 Nd5 33. g3 Re2 34. Rd7+ Kg6 35. Ra1 h5 36. Rda7 Nc3 37. Rc1 Nd5 38. Rd1 Nc3 39. Rc1 Nd5 40. Ra3 Kf5 41. Rca1 g4 42. f4 h4 43. R3a2 Re3 44. Ra3 Re2 45. R3a2 Re3 46. Kg2 hxg3 47. hxg3 Rf3 48. Ra5 Kf6 49. R1a3 Ne3+ 50. Rxe3 Rxe3 51. Rg5 Re2+ 52. Kf1 Ra2 53. Rxg4 Kf5 54. Rg5+ Ke4 55. Re5+ Kf3 56. Rxe6 Kxg3 57. Ke1 1/2-1/2

[Event "New England Masters"]
[Site "Peabody USA"]
[Date "2007.08.15"]
[Round "4"]
[White "Figler, I."]
[Black "Haessel, D."]
[Result "0-1"]
[WhiteElo "2321"]
[BlackElo "2136"]
[PlyCount "80"]
[EventDate "2007.08.13"]
[Source "www.chesslib.no"]
[SourceDate "2004.05.04"]

1. d4 Nf6 2. c4 g6 3. Nc3 d5 4. Bf4 Bg7 5. e3 O-O 6. Rc1 dxc4 7. Bxc4 c5 8. dxc5 Qa5 9. a3 Nc6 10. Nge2 Qxc5 11. Nb5 Be6 12. Bd3 Qd5 13. Nc7 Qxg2 14. Rg1 Qh3 15. Rg3 Qh4 16. Nxe6 fxe6 17. Bc4 Nd5 18. Bxd5 exd5 19. Qxd5+ Kh8 20. Ng1 Qf6 21. Rc2 Rad8 22. Qg5 Qe6 23. Qg4 Qe4 24. Qe2 Nd4 25. exd4 Qxf4 26. Nh3 Qxd4 27. Ng5 Rxf2 28. Qc4 Rdf8 29. Qxd4 Bxd4 30. Rg2 Rxg2 31. Rxg2 Rc8 32. Ne6 Bf6 33. Rd2 Kg8 34. Rd7 Rc1+ 35. Kd2 Rh1 36. Rxb7 Rxh2+ 37. Kc1 h5 38. b4 h4 39. Rd7 g5 40. Rd5 Rg2 0-1

[Event "Bayernliga 2004/05"]
[Site "?"]
[Date "2004.11.14"]
[Round "2.1"]
[White "Seisenberger Georg"]
[Black "Bromberger Stefan"]
[Result "0-1"]
[WhiteElo "2010"]
[BlackElo "2432"]
[PlyCount "124"]
[EventDate "2004.??.??"]
[Source "www.chesslib.no"]
[SourceDate "2004.05.04"]

1. d4 Nf6 2. c4 g6 3. Nc3 d5 4. Bf4 Bg7 5. e3 O-O 6. Rc1 c5 7. dxc5 Na6 8. Nf3 dxc4 9. Qxd8 Rxd8 10. c6 bxc6 11. Bxc4 Nc5 12. Ne5 Be6 13. Bxe6 Nxe6 14. Bg3 Rac8 15. O-O Nc5 16. Rfd1 Nd5 17. Nxc6 Nxc3 18. Rxd8+ Rxd8 19. bxc3 Rd2 20. Nxa7 Rxa2 21. Nc6 e6 22. h3 Ne4 23. c4 Nxg3 24. fxg3 Bh6 25. Rc3 Re2 26. Kf1 Rxe3 27. Rxe3 Bxe3 28. Ke2 Bc5 29. g4 Kg7 30. Kd3 Kf6 31. Ke4 h6 32. Ne5 Ke7 33. Nd3 Kd6 34. h4 f6 35. h5 g5 36. Ne1 Bb4 37. Nd3 Bc3 38. Nf2 Ba5 39. Nd3 Bb6 40. Ne1 Kc5 41. Kd3 f5 42. gxf5 exf5 43. Nc2 Kd6 44. Nb4 Bc5 45. Nd5 Ke5 46. Nc7 Bb6 47. Nd5 Bg1 48. Ne7 Bc5 49. Nd5 g4 50. Nc7 Bb6 51. Nd5 Ba7 52. Ke2 Ke4 53. Nf6+ Kf4 54. Nd7 Kg3 55. Kf1 Bd4 56. c5 f4 57. c6 f3 58. gxf3 Kxf3 59. c7 g3 60. c8=Q g2+ 61. Ke1 g1=Q+ 62. Kd2 Be3+ 0-1

[Event "Frydek-Mistek opA"]
[Site "Frydek-Mistek"]
[Date "1997.??.??"]
[Round "7"]
[White "Ovchinikova, Julia"]
[Black "Sysala, Stanislav"]
[Result "1/2-1/2"]
[WhiteElo "2235"]
[BlackElo "2195"]
[PlyCount "110"]
[EventDate "1997.??.??"]
[Source "www.chesslib.no"]
[SourceDate "2004.05.04"]

1. d4 Nf6 2. c4 g6 3. Nc3 d5 4. Bf4 Bg7 5. e3 O-O 6. Rc1 c5 7. dxc5 Qa5 8. cxd5 Ne4 9. Nf3 Nxc3 10. Qd2 Qxc5 11. bxc3 Rd8 12. e4 e6 13. Be3 Qc7 14. Be2 f5 15. Bg5 Rd7 16. Bb5 fxe4 17. Bxd7 Bxd7 18. Nd4 exd5 19. O-O Nc6 20. Nb5 Qe5 21. Bf4 Qf5 22. Nd6 Qe6 23. Nxb7 Ne5 24. Nc5 Qc6 25. Bxe5 Bxe5 26. Nxd7 Qxd7 27. f3 Qe6 28. f4 Bg7 29. Kh1 Rc8 30. Rfe1 Rc4 31. Red1 Rc5 32. h3 Qc6 33. Qb2 Bxc3 34. Qb8+ Kg7 35. Qxa7+ Kh6 36. Qe7 d4 37. Qf8+ Kh5 38. Kh2 g5 39. Rxc3 Rxc3 40. Rxd4 Rxh3+ 41. Kxh3 Qc3+ 42. Kh2 Qxd4 43. Qf5 h6 44. a4 Qf2 45. Qxe4 g4 46. Qf5+ Kh4 47. Qf6+ Kh5 48. a5 Qf1 49. a6 g3+ 50. Kh3 Qh1+ 51. Kxg3 Qe1+ 52. Kf3 Qg3+ 53. Ke4 Qxg2+ 54. Ke5 Qe2+ 55. Kd5 Qb5+ 1/2-1/2

[Event "TCh-BEL 2007-8"]
[Site "Belgium BEL"]
[Date "2008.03.02"]
[Round "10"]
[White "Veltkamp, G."]
[Black "Bolzoni, V."]
[Result "1/2-1/2"]
[WhiteElo "2205"]
[BlackElo "2218"]
[PlyCount "93"]
[EventDate "2008.01.06"]
[Source "www.chesslib.no"]
[SourceDate "2004.05.04"]

1. d4 Nf6 2. c4 g6 3. Nc3 d5 4. Bf4 Bg7 5. e3 O-O 6. Rc1 c6 7. h3 e6 8. Nf3 Nh5 9. Be5 Nd7 10. Bxg7 Nxg7 11. Be2 f5 12. O-O Qf6 13. b4 g5 14. Ne1 Kh8 15. b5 Qg6 16. Qa4 g4 17. bxc6 bxc6 18. Qxc6 Rb8 19. cxd5 gxh3 20. f4 Nf6 21. Qd6 Bb7 22. Rb1 Rbd8 23. Qa3 Ba8 24. Bf3 Qg3 25. Ne2 Qg6 26. dxe6 Nxe6 27. Bxa8 Rxa8 28. Rf3 hxg2 29. Rg3 Qh5 30. Rxg2 Rg8 31. Ng3 Qh3 32. Qe7 Raf8 33. Qxe6 Rxg3 34. Qe7 Rgg8 35. Rbb2 Ng4 36. d5 Re8 37. Qxa7 Qxe3+ 38. Qxe3 Rxe3 39. Kf1 Rge8 40. Rge2 R3e4 41. Rxe4 Rxe4 42. Rb8+ Kg7 43. Ng2 Rd4 44. Rb5 Rd2 45. a4 Nh2+ 46. Kg1 Nf3+ 47. Kf1 1/2-1/2

[Event "Leinfelder Schachtage op 2nd"]
[Site "?"]
[Date "2000.??.??"]
[Round "9"]
[White "Fahnenschmidt Gerhard"]
[Black "Reimche Vadim"]
[Result "1-0"]
[WhiteElo "2336"]
[BlackElo "2071"]
[PlyCount "61"]
[EventDate "2000.??.??"]
[Source "www.chesslib.no"]
[SourceDate "2004.05.04"]

1. d4 Nf6 2. c4 g6 3. Nc3 d5 4. Bf4 Bg7 5. Rc1 O-O 6. e3 c5 7. dxc5 Qa5 8. cxd5 Ne4 9. Nge2 Rd8 10. a3 Nxc3 11. Nxc3 e6 12. Qd2 exd5 13. b4 Qxa3 14. Nb5 Qa4 15. Nc7 Nc6 16. Bb5 Qa3 17. Nxa8 Nxb4 18. O-O Bb2 19. Nc7 a6 20. Bc4 Rd7 21. Be2 h5 22. Bd6 b6 23. Rb1 Bc3 24. Qd1 Rxc7 25. Rb3 Qa5 26. Rxc3 Rc6 27. Qd4 b5 28. Rcc1 Qa4 29. Bd1 Qa3 30. Ra1 Na2 31. Qxd5 1-0

[Event "Ch Hungary team"]
[Site "?"]
[Date "2001.??.??"]
[Round "9"]
[White "Kiss Peter"]
[Black "Isepy Jozsef"]
[Result "1-0"]
[WhiteElo "2162"]
[BlackElo "2216"]
[PlyCount "71"]
[EventDate "2001.??.??"]
[Source "www.chesslib.no"]
[SourceDate "2004.05.04"]

1. d4 Nf6 2. c4 g6 3. Nc3 d5 4. Bf4 Bg7 5. Rc1 O-O 6. e3 c5 7. dxc5 Qa5 8. cxd5 Rd8 9. Bc4 Qxc5 10. Qb3 Nbd7 11. Qb5 a6 12. Qxc5 Nxc5 13. b4 Nce4 14. Nge2 b5 15. Bb3 Bb7 16. Nxe4 Nxe4 17. f3 Nf6 18. e4 Rac8 19. Kf2 Nd7 20. Bc7 Re8 21. f4 Nf6 22. Ke3 Bh6 23. h3 e5 24. dxe6 fxe6 25. Nd4 Kf7 26. Be5 Nd7 27. Rxc8 Bxc8 28. Bd6 Kg7 29. Nxe6+ Kh8 30. Nc7 Rd8 31. Be7 Rf8 32. Bxf8 Bxf8 33. a3 Nb6 34. Nd5 Be6 35. Rc1 Kg7 36. Rc6 1-0

[Event "Memorial M.Najdorf (open)"]
[Site "Grodzisk Mazowiecki (Poland)"]
[Date "2007.07.25"]
[Round "6"]
[White "Ostrowski Pawel (POL)"]
[Black "Przezdziecka Marta (POL)"]
[Result "1/2-1/2"]
[WhiteElo "2058"]
[BlackElo "2315"]
[PlyCount "129"]
[EventDate "2007.??.??"]
[Source "www.chesslib.no"]
[SourceDate "2004.05.04"]

1. d4 Nf6 2. c4 g6 3. Nc3 d5 4. Bf4 Bg7 5. e3 O-O 6. Rc1 c5 7. dxc5 Qa5 8. Qb3 Ne4 9. cxd5 Nxc3 10. bxc3 Nd7 11. Bc4 Qxc5 12. Qb4 Qxb4 13. cxb4 Nb6 14. Bb3 Bf5 15. Nf3 Be4 16. d6 e6 17. O-O Nd5 18. Bxd5 Bxd5 19. Rc7 Rfd8 20. d7 f6 21. Rd1 Bf8 22. b5 Kf7 23. Bg3 a6 24. a4 axb5 25. axb5 Ra5 26. e4 Bxe4 27. Rc8 Be7 28. h4 Ra8 29. Rxa8 Rxa8 30. Bc7 Bd8 31. b6 Bd5 32. Rc1 Ke7 33. Nd4 Bxc7 34. Rxc7 Rd8 35. Nb5 Rxd7 36. Na7 e5 37. Rc8 Ke6 38. Kh2 f5 39. Nb5 Bc6 40. Na7 Kd6 41. Re8 Kd5 42. Kg3 Kd4 43. f3 e4 44. Nxc6+ bxc6 45. Rc8 Kc5 46. Rc7 Kd6 47. Ra7 Rd8 48. fxe4 fxe4 49. Rxh7 Rb8 50. Rg7 Rxb6 51. Rxg6+ Kd5 52. h5 Rb8 53. Kf4 c5 54. Rg7 Re8 55. Ke3 c4 56. h6 c3 57. Rc7 Rh8 58. g4 Rxh6 59. Rxc3 Rh3+ 60. Kd2 Rh2+ 61. Ke3 Rg2 62. Rc8 Rg3+ 63. Ke2 Rxg4 64. Rd8+ Ke6 65. Ke3 1/2-1/2

[Event "France (championnat Cadet)"]
[Site "?"]
[Date "2004.??.??"]
[Round "6.6"]
[White "Friess Nicolas"]
[Black "Pile Richard"]
[Result "0-1"]
[WhiteElo "2121"]
[BlackElo "2245"]
[PlyCount "118"]
[EventDate "2004.??.??"]
[Source "www.chesslib.no"]
[SourceDate "2004.05.04"]

1. d4 Nf6 2. c4 g6 3. Nc3 d5 4. Bf4 Bg7 5. Rc1 O-O 6. e3 c5 7. dxc5 Qa5 8. cxd5 Ne4 9. Bd3 Nxc3 10. bxc3 Nd7 11. Ne2 Nxc5 12. O-O Qxa2 13. e4 Qa5 14. e5 Nd7 15. e6 fxe6 16. d6 exd6 17. Bxd6 Rf7 18. Nf4 Ne5 19. g3 Nxd3 20. Qxd3 Bd7 21. Rfe1 Re8 22. Re3 Qf5 23. Qe2 Bc6 24. Rxe6 Rxe6 25. Qxe6 g5 26. g4 Qe4 27. Qxe4 Bxe4 28. Ne6 Bf6 29. c4 Bf3 30. h3 Rd7 31. c5 Kf7 32. Nf8 Rd8 33. Nxh7 Rh8 34. Nxf6 Kxf6 35. Kh2 Bxg4 36. Rc3 Bd7 37. Kg2 a5 38. f4 Re8 39. fxg5+ Kxg5 40. Kg3 Bc6 41. h4+ Kf5 42. Kf2 Rh8 43. Rh3 Rh5 44. Be7 Ke4 45. Ke2 Kd4 46. Kd2 Rh7 47. Bd6 Kd5 48. h5 b5 49. h6 b4 50. Rh4 Bb5 51. Kc2 Kc6 52. Bf8 Be2 53. Re4 Bf3 54. Re7 a4 55. Rxh7 Be4+ 56. Kb2 Bxh7 57. Be7 Bg8 58. Kc2 a3 59. Bf8 b3+ 0-1

[Event "Graz Open"]
[Site "?"]
[Date "2002.??.??"]
[Round "4"]
[White "Aschenbrenner Robert"]
[Black "Kreisl Robert"]
[Result "1-0"]
[WhiteElo "2231"]
[BlackElo "2128"]
[PlyCount "49"]
[EventDate "2002.??.??"]
[Source "www.chesslib.no"]
[SourceDate "2004.05.04"]

1. d4 Nf6 2. c4 g6 3. Nc3 d5 4. Bf4 Bg7 5. e3 O-O 6. Rc1 c5 7. dxc5 Qa5 8. cxd5 Ne4 9. Nge2 Nd7 10. Qa4 Qxa4 11. Nxa4 b5 12. Nec3 Nexc5 13. Nxc5 Nxc5 14. Bxb5 Bf5 15. O-O Rac8 16. Rfd1 Rfd8 17. f3 a6 18. Be2 Bxc3 19. bxc3 Bd7 20. e4 Ba4 21. Rd2 f5 22. exf5 gxf5 23. Be3 Kf7 24. Bxc5 Rxc5 25. Bxa6 1-0